Central Library OPAC University of Rajshahi

Ergodic theory : (Record no. 67992)

MARC details
000 -LEADER
fixed length control field 00984nam a2200265 a 4500
001 - CONTROL NUMBER
control field 67992
003 - CONTROL NUMBER IDENTIFIER
rucl marc code BD-RjUL
005 - DATE AND TIME OF LATEST TRANSACTION
control field 20211209081723.0
008 - FIXED-LENGTH DATA ELEMENTS--GENERAL INFORMATION
fixed length control field 170329s1963 nyua b 101 0 eng d
035 ## - SYSTEM CONTROL NUMBER
System control number (BD-RjUL)
040 ## - CATALOGING SOURCE
Original cataloging agency DLC
Transcribing agency GAT
Modifying agency OCL/m.c/SER/EUX
-- BD-RjUL
Language of cataloging eng
041 ## - LANGUAGE CODE
Language code of text/sound track or separate title eng
082 ## - DEWEY DECIMAL CLASSIFICATION NUMBER
Classification number 515.48
Edition number 23
Author mark and year ERG 1963
111 2# - MAIN ENTRY--MEETING NAME
Meeting name or jurisdiction name as entry element Symposium on Ergodic Theory
Date of meeting (1961 : :
Location of meeting New Orleans)
9 (RLIN) 201532
245 10 - TITLE STATEMENT
Title Ergodic theory :
Remainder of title proceedings of an international symposium held at Tulane University, New Orleans, Louisiana, October 1961 /
Statement of responsibility, etc. edited by Fred B. Wright.
260 ## - PUBLICATION, DISTRIBUTION, ETC. (IMPRINT)
Place of publication, distribution, etc. New York :
Name of publisher, distributor, etc. Academic Press,
Date of publication, distribution, etc. 1963
300 ## - PHYSICAL DESCRIPTION
Pagination xii, 316 p. ;
Size 24 cm.
500 ## - GENERAL NOTE
General note "Sponsored by the National Science Foundation."
650 #0 - SUBJECT ADDED ENTRY--TOPICAL TERM
Topical term or geographic name as entry element Ergodic theory
General subdivision Congresses
9 (RLIN) 201533
700 1# - ADDED ENTRY--PERSONAL NAME
Personal name Wright, Fred B.
Fuller form of name (Fred Boyer),
Dates associated with a name 1925-
710 2# - ADDED ENTRY--CORPORATE NAME
Corporate name or jurisdiction name as entry element National Science Foundation (U.S.)
9 (RLIN) 152705
Corporate name or jurisdiction name as entry element Tulane University.
9 (RLIN) 201535
942 ## - ADDED ENTRY ELEMENTS (KOHA)
Source of classification or shelving scheme Dewey Decimal Classification
Koha item type Books
Holdings
Lost status Source of classification or shelving scheme Damaged status Not for loan Collection code Permanent Location Current Location Shelving location Date acquired Source of acquisition Cost, normal purchase price Total Checkouts Full call number Date last seen Copy number Koha item type
  Dewey Decimal Classification   Not For Loan Non-fiction Central Library, University of Rajshahi Central Library, University of Rajshahi Reading Room 10/04/1965 Zeitlinger 64.00   515.48 ERG 1963 29/03/2017 C-1 Books
  Dewey Decimal Classification     Non-fiction Central Library, University of Rajshahi Central Library, University of Rajshahi   17/04/1965 Zeetlinger 64.00   515.48 ERG 1963 11/05/2017 C-2 Books
  Dewey Decimal Classification     Non-fiction Central Library, University of Rajshahi Central Library, University of Rajshahi   18/05/1985 Tulip, Dhaka 52.50   515.48 ERG 1963 11/05/2017 C-3 Books
  Dewey Decimal Classification     Non-fiction Central Library, University of Rajshahi Central Library, University of Rajshahi   18/05/1958 Tulip, Dhaka 52.50   515.48 ERG 1963 11/05/2017 C-4 Books
  Dewey Decimal Classification     Non-fiction Central Library, University of Rajshahi Central Library, University of Rajshahi   28/12/1968 Zeetlinger 76.00   515.48 ERG 1963 11/05/2017 C-5 Books